000 00697cam a22002412 4500
001 0000001826
003 OSt
005 20230306125433.0
008 070328s xx 000 0 eng d
020 _a8120342125
040 _aKABU
_cKABU
050 0 _aHD59
_b.C46 2008
100 1 _aCenter, Allen H.
245 1 0 _aPublic relations practices :
_bmanagerial case studies and problems /
_cA. H. Center and P. Jackson.
250 _a7th ed.
260 _aNew Delhi :
_bPrentice Hall,
_c2008.
300 _axii, 356 p.
650 0 _aPublic relations
_bCase studies.
700 1 _aJackson, P.
908 _a070328
942 _2lcc
_cBK
999 _c20024
_d20023